Professional Front Office Management (Record no. 5391)

MARC details
005 - DATE AND TIME OF LATEST TRANSACTION
control field 20250626142224.0
020 ## - INTERNATIONAL STANDARD BOOK NUMBER
International Standard Book Number 0-13-170069-3
082 ## - DEWEY DECIMAL CLASSIFICATION NUMBER
Classification number 747.94068 WOO
100 ## - MAIN ENTRY--PERSONAL NAME
Author name WOOD, H . R
245 ## - TITLE STATEMENT
Title Professional Front Office Management
260 ## - PUBLICATION, DISTRIBUTION, ETC.
Place of publication, distribution, etc. New Jersey
Name of publisher, distributor, etc. PEARSON Prentice Hall
Date of publication, distribution, etc. 2006.
300 ## - PHYSICAL DESCRIPTION
Extent xxvii,676p.: ill.; figures, tables, pictures
Other physical details Index, Glossary
Dimensions 26cm
700 ## - ADDED ENTRY--PERSONAL NAME
Other authors/Editors Jack D. Ninemeier
700 ## - ADDED ENTRY--PERSONAL NAME
Other authors/Editors David K. Hayes
700 ## - ADDED ENTRY--PERSONAL NAME
Other authors/Editors Michele A. Austin
942 ## - ADDED ENTRY ELEMENTS (KOHA)
Source of classification or shelving scheme Dewey Decimal Classification
Koha item type Books
Holdings
Date last seen Total checkouts Full call number Barcode Price effective from Koha item type Lost status Source of classification or shelving scheme Damaged status Not for loan Withdrawn status Home library Current library Shelving location Date acquired Source of acquisition
06/26/2025   747.94068 WOO MZA0002299 06/26/2025 Books   Dewey Decimal Classification       CBE Mwanza CBE Mwanza General Collection 06/03/2014 Library Budget